000 02588cam a22005774i 4500
003 PE-LiUPU
005 20250731180135.0
008 150625s2004 pe a rb 000 0 spa d
035 _a(Sirsi) a38578
040 _aPE-LiUPU
_bspa
_cPE-LiUPU
_erda
082 0 4 _a515.076
_bE882004
_221
100 1 _aEspinoza Ramos, Eduardo,
_d1946- ,
_eautor.
245 1 0 _aAnálisis matemático II :
_bpara estudiantes de ciencia e ingeniería /
_cEduardo Espinoza Ramos.
250 _aCuarta edición.
264 1 _aLima :
_bEditorial Servicios Gráficos,
_c2004.
300 _a661 páginas :
_bilustraciones,; ;
_c22 centímetros
336 _atext
_2rdacontent
337 _aunmediated
_2rdamedia
338 _avolume
_2rdacarrier
504 _aIncluye bibliografía.
505 0 _aIntegral indefinida. -Integral definida. -Aplicaciones de la integral definida. -Integrales impropias. -Aplicaciones de la integral definida a la física. -Integración numérica. -Ecuaciones paramétricas. -Coordenadas polares.
526 _aSEG44
526 _aSEG26
526 _aP159
526 _aP155
526 _aP154
526 _aP153
526 _aP150
526 _aP100
526 _aP31
526 _aP30
526 _aP26
526 _aP25
526 _aP24
526 _aP22
526 _aP15
526 _aP10
541 _g001-003115;
541 _g001-003115;
650 1 8 _aAnálisis matemático
_xEstudio y enseñanza.
650 2 8 _aAnálisis matemático
_vProblemas, ejercicios, etc.
650 2 8 _aVariables (Matemáticas).
650 2 8 _aFunciones analíticas
_vProblemas, ejercicios, etc.
910 _bjv
_cng
_d20080220
942 _2ddc
_cBOOK
949 _a515.076 E88 2 2004
_wDEWEY
_c1
_i57894
_lCCODEBUL1
_mBUL
_p8.00
_r0
_sY
_tBOOK
_u2015-06-25
_xINGENIERIA
_zUNKNOWN
_0COMPRA
_o.STAFF. Colección General
949 _a515.076 E88 2 2004
_wDEWEY
_c2
_i57893
_lCCODEBUL1
_mBUL
_p10
_r0
_sY
_tBOOK
_u2015-06-25
_xINGENIERIA
_zUNKNOWN
_0COMPRA
_o.STAFF. Colección General
596 _a1
999 _a515.076 E88 2 2004
_wDEWEY
_c46876
_i57894
_d46876
_e2019-5-26
_f2021-11-9
_g7
_lCCODEBUL1
_mBUL
_n10
_p8.00
_q3
_r0
_sY
_tBOOK
_u2015-6-25
_xINGENIERIA
_zUNKNOWN
_0COMPRA
_o.STAFF. Colección General
999 _a515.076 E88 2 2004
_wDEWEY
_c2
_i57893
_d2017-9-19
_e2017-9-19
_f2017-2-12
_g3
_kCHECKEDOUT
_lCCODEBUL1
_mBUL
_n5
_p10.00
_rM
_sY
_tBOOK
_u2015-6-25
_xINGENIERIA
_PP27
_0COMPRA
_o.CIRCNOTE. No hay Préstamo
_o.STAFF. Colección Ingeniería y Arquitectura
980 _81
_gALBERTO SANCHEZ Responsable de Automatización